Normal view MARC view
  • DOWNIE, PATRICIA A

Entry Personal Name

Number of records used in: 1

001 - CONTROL NUMBER

  • control field: 8100

003 - CONTROL NUMBER IDENTIFIER

  • control field: JRU

005 - DATE AND TIME OF LATEST TRANSACTION

  • control field: 20230821105721.0

008 - FIXED-LENGTH DATA ELEMENTS

  • fixed length control field: 230821|| aca||aabn | a|a d

040 ## - CATALOGING SOURCE

  • Original cataloging agency: JRU
  • Transcribing agency: JRU

100 ## - HEADING--PERSONAL NAME

  • Personal name: DOWNIE, PATRICIA A

670 ## - SOURCE DATA FOUND

  • Source citation: Work cat.: (JRU)8384: DOWNIE, PATRICIA A., CASH'S TEXTBOOK OF ORTHOPAEDICS AND RHEUMATOLOGY FOR PHYSIOTHERAPISTS, 1992